000 00973cab a2200313 4500
001 ABS59088
008 090401t1998 xxu||||| |||| 00| 0 eng d
035 _a(Sirsi) u87409
041 _aeng
100 _aJohnston, B.
245 4 _aThe European Spatial Development Perspective
260 _c1998
350 _a0
490 _aPlanning (for the Natural and Built Environment)
_v(1275) 3 July 1998, 12(1)
520 _aSummarises the draft European Spatial Development Perspective (ESDP) document, which is intended to be adopted in May 1999.
650 _aDEMOGRAPHICS
650 _aECONOMIC DEVELOPMENT
650 _aENVIRONMENTAL ISSUES
650 _aEUROPE
650 _aEUROPEAN SPATIAL DEVELOPMENT PERSPECTIVE
650 _aEUROPEAN UNION
650 _aPLANNING FRAMEWORK
650 _aPLANNING
650 _aSOCIAL DEVELOPMENT
650 _aSPATIAL DEVELOPMENT
690 _aPLANNING LAW AND PRACTICE
942 _n0
948 _c15/07/1998
999 _c55121
_d55121